| 000 | 02362nam a2200361 a 4500 | ||
|---|---|---|---|
| 001 | 000012928 | ||
| 003 | DO-SdBNP | ||
| 005 | 20150813111012.0 | ||
| 007 | 000012928 | ||
| 008 | 091118s2005 dr ac 000 0 spa d | ||
| 020 | _a9945110438 (v. 2) | ||
| 020 | _a9945110446 (v. 3) | ||
| 040 |
_aBPMSU _bspa _cBPMSU |
||
| 092 |
_axxxx _bL566 |
||
| 245 | 0 | 0 |
_aLengua y literatura : _beducación media / _cMartha Campusano...[et al.] ; dirección editorial Obdulia García de Escobar. |
| 246 | _aEducación media | ||
| 260 |
_aSanto Domingo : _bSantillana, _c2005. |
||
| 300 |
_a4 v. : _bil., retrs. ; _c28 cm. |
||
| 490 | 1 | _aÁmbar | |
| 500 | _aLa biblioteca solamente posee los volumenes 2-3 | ||
| 505 | 0 |
_av. 2 : _g2do. curso/ 1er. ciclo _gunidad 1 -- _tVivir para aprender -- _gunidad 2 -- _tEl deber histórico -- _gunidad 3 -- _tCreer para vivir -- _gunidad 4 -- _tNos hacemos trabajando -- _gunidad 5 -- _tCreer para crear -- _gunidad 6 -- _tEl lugar donde vivimos -- _gunidad 7 -- _tTu vida es tu historia -- _gunidad 8 -- _t¿Vives como piensas? -- _gunidad 9 -- _tEl teatro de la vida -- _gunidad 10 -- _tEl deber de recordar -- |
|
| 505 | 0 |
_av. 3 : _g1er. curso/ 2do. ciclo _gunidad 1 -- _tEl trabajo de ser uno mismo -- _gunidad 2 -- _tRespetar el derecho ajeno -- _gunidad 3 -- _tConstruir al ser humano -- _gunidad 4 -- _tLa mujer en la historia -- _gunidad 5 -- _tAmigos para siempre -- _gunidad 6 -- _tSer dominicanos -- _gunidad 7 -- _tValemos lo que soñamos -- _gunidad 8 -- _tEl reino de este mundo -- _gunidad 9 -- _tPensar para crecer -- _gunidad 10 -- _t¡Máquina con tus ideas! -- |
|
| 505 | 0 |
_av. 4 : _g2do. curso/ 2do. ciclo _gunidad 1 -- _tEl sentido del orden -- _gunidad 2 -- _tPor caminos imaginarios -- _gunidad 3 -- _tEl límite de lo real -- _gunidad 4 -- _tLa ciencia a favor de la vida -- _gunidad 5 -- _tCrear para ser -- _gunidad 6 -- _tEl mundo del trabajo -- _gunidad 7 -- _tCon ojo crítico -- _gunidad 8 -- _tTu historia cuenta -- _gunidad 9 -- _tCuando crear es hacer -- _gunidad 10 -- _tLeer, imaginar, crecer -- |
|
| 700 | 1 | _aFlores, Tania | |
| 700 | 1 | _aGarcía Cartagena, Manuel | |
| 700 | 1 | _aOsorio Meza, María José | |
| 700 | 1 |
_aGarcía Escobar, Obdulia de, _edir. ed. |
|
| 830 | 0 | _aÁmbar | |
| 930 | 1 |
_lBND01 _mLF1 _820091118 _f01 _pHD _g7864 |
|
| 942 |
_2ddc _cBK |
||
| 956 |
_aYLOCKWARD _b10 _c20150805 _lBND01 _h1303 |
||
| 956 |
_aVMATEO _b10 _c20150813 _lBPMSU _h00151 |
||
| 999 |
_c8195 _d8195 |
||